| 000 | 01054nas a2200301 4500 | ||
|---|---|---|---|
| 001 | BR8101787 | ||
| 003 | BR-BrBNA | ||
| 005 | 20231205084604.0 | ||
| 007 | ta | ||
| 008 | 230509b bl.|||p| |||| 00| 00por d | ||
| 040 |
_aBR-BrBNA _bpor _cBiblioteca Nacional de Agricultura |
||
| 041 | _a(Pt) | ||
| 072 | _aS10 | ||
| 100 | 1 | _aOliveira, A.J. de | |
| 100 | 1 | _aGutierrez, L.E. | |
| 100 | 1 | _aOliveira, G.D. de | |
| 100 | 1 | _aCantarelli, P.R. | |
| 245 | 1 | _aCaracteristicas quimicas e composicao do oleo da torta da semente de nogueira macadamia (Macadamia entegrifolia)[Brasil] | |
| 246 | 1 | _a[Chemical features and oil composition of the seed pie of macadamia entegrifolia [Brazil]] | |
| 650 | _aComposicao de alimento | ||
| 650 | _aOleo vegetal | ||
| 650 | _aMacadamia | ||
| 650 | _aTorta | ||
| 650 | _aAnalise quimica | ||
| 773 | 0 |
_tBoletim da Sociedade Brasileira de Ciencia e Tecnologia de Alimentos (Brazil) _xISSN 0100-686X _g(Jun 1980), (no. 52) p. 20-27 _wBR8101787 |
|
| 909 |
_a202311 _bLúcia _c55 _dLúcia Elande |
||
| 942 |
_2AGRIS _n0 _cANA |
||
| 999 |
_c106114 _d106114 |
||